10 longest reigning British monarchs - Statistics

General Stats
  • This quiz has been taken 1,008 times
  • The average score is 8 of 10
Answer Stats
Length of reign Answer % Correct
63 years 216 days Victoria
98%
44 years 127 days Elizabeth I
95%
64 years 328 days Elizabeth II
94%
59 years 96 days George III
88%
38 years 347 days Henry VI
87%
37 years 281 days Henry VIII
83%
50 years 147 days Edward III
78%
35 years 120 days Henry I
78%
56 years 28 days Henry III
73%
36 years 7 days Charles II
56%
No matching quizzes found
Score Distribution
Percent of People with Each Score
Percentile by Number Answered
Your Score History
You have not taken this quiz